Estadísticas para Forma de Países en el Mapa Mundial #5

Haz click aquí para tomar la prueba!

Estadísticas generales

  • Esta prueba ha sido tomada 5.089 veces
  • La puntuación promedio es 18 de 20

Respuestas en el mapa

Las respuestas están codificadas por una escala verde-roja en el mapa de la prueba según el % correcto abajo.
 

Estadísticas de respuestas

País% Correcto
Rusia
100%
India
99%
Reino Unido
99%
Alemania
98%
Colombia
98%
Sudáfrica
98%
Uruguay
97%
Surinam
94%
Guatemala
93%
Sudán
90%
Bosnia y Herzegovina
89%
Hungría
88%
Afganistán
87%
Emiratos Árabes Unidos
87%
Myanmar
86%
Jordania
85%
Malí
85%
Ghana
79%
Zambia
78%
Kiribati
75%

Distribución de puntuación

Porcentaje por número respondido

Porcentaje de gente con cada puntuación

Historial de tus puntuaciones

No has tomado esta prueba